Agronomic - economic research on soils of the tropics. Annual report for 1976 - 1977

Guardado en:
Detalles Bibliográficos
Formato: Libro
Lenguaje:Undetermined
Publicado: USA U.S.Agency for International Development 1978
Materias:
Etiquetas: Agregar Etiqueta
Sin Etiquetas, Sea el primero en etiquetar este registro!
Thư viện lưu trữ: Trung tâm Học liệu Trường Đại học Cần Thơ
LEADER 00505nam a2200157Ia 4500
001 CTU_30178
008 210402s9999 xx 000 0 und d
082 |a 631.4 
082 |b A281/1976 
245 0 |a Agronomic - economic research on soils of the tropics. Annual report for 1976 - 1977 
260 |a USA 
260 |b U.S.Agency for International Development 
260 |c 1978 
650 |a soils - research - tropics 
904 |i Liên, 990316 
980 |a Trung tâm Học liệu Trường Đại học Cần Thơ